El Proceso de la acción social en la Universidad de Costa Rica
Presenta el proceso de Acción Social en la Universidad de Costa Rica. Primeramente se refiere al perfil, los objetivos y las funciones del Trabajo Comunal Universitario, así como su metodología. También analiza los logros y los resultados. Y otros temas que se examinan en el documento son: la extens...
Guardado en:
| Institution som forfatter: | |
|---|---|
| Format: | Texto |
| Udgivet: |
San Pedro de M. de O.:
UCR. Oficina de Publicaciones
|
| Fag: | |
| Tags: |
Tilføj Tag
Ingen Tags, Vær først til at tagge denne postø!
|
MARC
| LEADER | 00000 a a2200000 04500 | ||
|---|---|---|---|
| 001 | 12999 | ||
| 003 | |||
| 040 | |||
| 020 | |a 9977-917-29-9 | ||
| 022 | |a 9977-917-29-9 | ||
| 090 | |a 027600 | ||
| 110 | |a UCR. Rectoría. Oficina de Planificación Universitaria | ||
| 245 | |a El Proceso de la acción social en la Universidad de Costa Rica | ||
| 260 | |a San Pedro de M. de O.: |b UCR. Oficina de Publicaciones | ||
| 300 | |a 157 p. | ||
| 520 | |a Presenta el proceso de Acción Social en la Universidad de Costa Rica. Primeramente se refiere al perfil, los objetivos y las funciones del Trabajo Comunal Universitario, así como su metodología. También analiza los logros y los resultados. Y otros temas que se examinan en el documento son: la extensión docente, la extensión cultural y la comunicación e información del sistema universitario. HMB/mb | ||
| 650 | |a UNIVERSIDAD DE COSTA RICA | ||
| 650 | |a PLANES DE DESARROLLO | ||
| 650 | |a PLANIFICACION SOCIAL | ||
| 650 | |a FINANCIAMIENTO DE LA EDUCACION | ||
| 650 | |a DOCENTES | ||
| 650 | |a CULTURA | ||
| 650 | |a SERVICIOS SOCIALES | ||
| 650 | |a MEDIOS DE COMUNICACION | ||
| 999 | |c 4605 |d 4605 | ||



